Микропроцессорный измеритель коэффициента температуропроводности материалов; Молодой ученый; № 10 (90)

מידע ביבליוגרפי
Parent link:Молодой ученый: ежемесячный научный журнал.— , 2008-
№ 10 (90).— 2015.— [С. 188-192]
מחבר ראשי: Григорьев М. Г. Михаил Георгиевич
מחבר תאגידי: Национальный исследовательский Томский политехнический университет (ТПУ) Институт неразрушающего контроля (ИНК) Лаборатория № 63 (Медицинского приборостроения)
מחברים אחרים: Бабич Л. Н. Людмила Николаевна
סיכום:Заглавие с экрана
В работе представлены краткие теоретические сведения о применяемом датчике и представлена принципиальная схема модуля обработки информации на основе микроконтроллера фирмы Microchip Technology Inc. PIC18F4550. Показана возможность применения данного микроконтроллера для разработки измерителя коэффициента температуропроводности.
שפה:רוסית
יצא לאור: 2015
סדרה:Технические науки
נושאים:
גישה מקוונת:http://www.moluch.ru/archive/90/18730/
פורמט: אלקטרוני Book Chapter
KOHA link:https://koha.lib.tpu.ru/cgi-bin/koha/opac-detail.pl?biblionumber=643427

MARC

LEADER 00000nla0a2200000 4500
001 643427
005 20250221143619.0
035 |a (RuTPU)RU\TPU\network\8419 
090 |a 643427 
100 |a 20150909d2015 k||y0rusy50 ca 
101 0 |a rus 
102 |a RU 
135 |a drcn ---uucaa 
181 0 |a i  
182 0 |a b 
200 1 |a Микропроцессорный измеритель коэффициента температуропроводности материалов  |f М. Г. Григорьев, Л. Н. Бабич  
203 |a Текст  |c электронный 
225 1 |a Технические науки 
300 |a Заглавие с экрана 
320 |a [Библиогр.: с. 192 (6 назв.)] 
330 |a В работе представлены краткие теоретические сведения о применяемом датчике и представлена принципиальная схема модуля обработки информации на основе микроконтроллера фирмы Microchip Technology Inc. PIC18F4550. Показана возможность применения данного микроконтроллера для разработки измерителя коэффициента температуропроводности. 
461 |t Молодой ученый  |o ежемесячный научный журнал  |d 2008- 
463 |t № 10 (90)  |v [С. 188-192]  |d 2015 
610 1 |a электронный ресурс 
610 1 |a труды учёных ТПУ 
610 1 |a температуропроводность 
610 1 |a микроконтроллеры 
610 1 |a пироприемники 
700 1 |a Григорьев  |b М. Г.  |c специалист в области неразрушающего контроля  |c инженер Томского политехнического университета  |f 1990-  |g Михаил Георгиевич  |3 (RuTPU)RU\TPU\pers\30682 
701 1 |a Бабич  |b Л. Н.  |g Людмила Николаевна 
712 0 2 |a Национальный исследовательский Томский политехнический университет (ТПУ)  |b Институт неразрушающего контроля (ИНК)  |b Лаборатория № 63 (Медицинского приборостроения)  |3 (RuTPU)RU\TPU\col\19731 
801 2 |a RU  |b 63413507  |c 20150909  |g RCR 
856 4 0 |u http://www.moluch.ru/archive/90/18730/ 
942 |c CF